| 000 | 00571nam a22001697a 4500 | ||
|---|---|---|---|
| 005 | 20130620123336.0 | ||
| 010 | _aENG-107685 | ||
| 020 |
_a9788189983581 _c700.00 |
||
| 035 | _aEN-91218 | ||
| 037 | _bDBAD/PUB | ||
| 245 |
_aEducation and society / _cedited and compiled by Surender Kumar, Rohtash Kumar Verma [and] Kiran Arora |
||
| 260 |
_aNew Delhi _bKhel Sahitya Kendra _c2012 |
||
| 270 |
_a7/26, Ansari Road, Daryaganj _bNew Delhi _e110002 |
||
| 300 |
_a280p. _c23cm(Hb) |
||
| 500 | _aIncludes bibliographical references and index | ||
| 942 |
_2ddc _cEN _mEDU |
||
| 999 |
_c76807 _d76807 |
||